000 00283nam a22001337a 4500
008 170621b xxu||||| |||| 00| 0 eng d
020 _a0896083667
041 _aeng
080 _a32
100 _a20
101 _aSHP
245 _aNECESSARY ILUSIONS
_cCHOMSKY,M
942 _2udc
_cBK
999 _c18518
_d18518